The noble scholar, jurist, historian


 His Excellency Dr. Abdul Wahhab bin Ibrahim Abu Sulaiman, may Allah have mercy on him.


 He was born in Umm Al-Qura in the year 1356 AH.

بيان مذهب الباطنية وبطلانه : (Record no. 9716)

MARC details
000 -LEADER
fixed length control field 01073cam a22002531i 4500
003 - CONTROL NUMBER IDENTIFIER
control field SA-RiAUC
005 - DATE AND TIME OF LATEST TRANSACTION
control field 20250710065753.0
008 - FIXED-LENGTH DATA ELEMENTS--GENERAL INFORMATION
fixed length control field 250427s1938 tu g 000 0 ara c
040 ## - CATALOGING SOURCE
Original cataloging agency JO-AmWISE
Language of cataloging ara
Transcribing agency SA-RiAUC
Description conventions rda
082 04 - DEWEY DECIMAL CLASSIFICATION NUMBER
Classification number 247.9
Assigning agency SA-RiAUC
090 ## - LOCALLY ASSIGNED LC-TYPE CALL NUMBER (OCLC); LOCAL CALL NUMBER (RLIN)
Classification number (OCLC) (R) ; Classification number, CALL (RLIN) (NR) 247.9
Local cutter number (OCLC) ; Book number/undivided call number, CALL (RLIN) د ي ل
100 1# - MAIN ENTRY--PERSONAL NAME
Personal name الديلمي، محمد بن الحسن اليماني،
Dates associated with a name توفي 711 هجري
Relator term مؤلف.
245 10 - TITLE STATEMENT
Title بيان مذهب الباطنية وبطلانه :
Remainder of title منقول من كتاب قواعد عقائد آل محمد /
Statement of responsibility, etc. محمد بن الحسن الديلمي.
250 ## - EDITION STATEMENT
Edition statement الطبعة الأولى.
264 #1 - PRODUCTION, PUBLICATION, DISTRIBUTION, MANUFACTURE, AND COPYRIGHT NOTICE
Place of production, publication, distribution, manufacture إسطنبول، تركيا :
Name of producer, publisher, distributor, manufacturer جمعية المستشرقين الألمان،
Date of production, publication, distribution, manufacture, or copyright notice 1938
300 ## - PHYSICAL DESCRIPTION
Extent 137 صفحة؛
Dimensions 24 سم.
336 ## - CONTENT TYPE
Content type term نص
Content type code txt
Source rdacontent
Materials specified كتاب
337 ## - MEDIA TYPE
Media type term بدون وسيط
Media type code n
Source rdamedia
338 ## - CARRIER TYPE
Carrier type term مجلد
Carrier type code nc
Source rdacarrier
650 #7 - SUBJECT ADDED ENTRY--TOPICAL TERM
Topical term or geographic name entry element الباطنية (فرقة إسلامية)
Source of heading or term aucsh
740 02 - ADDED ENTRY--UNCONTROLLED RELATED/ANALYTICAL TITLE
Uncontrolled related/analytical title قواعد عقائد آل محمد.
942 ## - ADDED ENTRY ELEMENTS (KOHA)
Source of classification or shelving scheme Dewey Decimal Classification
Koha item type Books
Suppress in OPAC No
949 ## - LOCAL PROCESSING INFORMATION (OCLC)
a SA-JeALM
d 250427
u mohamedma123
n 1
Holdings
Withdrawn status Lost status Source of classification or shelving scheme Damaged status Not for loan Home library Current library Date acquired Total checkouts Full call number Barcode Date last seen Price effective from Koha item type
    Dewey Decimal Classification     DR AbdElwahab Library DR AbdElwahab Library 07/10/2025   247.9 د ي ل 000015780 07/10/2025 07/10/2025 Books